Formula solat sempurna
| Main Author: | Zaharuddin Abd. Rahman |
|---|---|
| Published: |
Kuala Lumpur:
Telaga Biru Sdn. Bhd.,
2008.
|
| Subjects: |
| LEADER | 00552cam a2200169 7i4500 | ||
|---|---|---|---|
| 001 | 0000051293 | ||
| 005 | 20171222090000.0 | ||
| 020 | |a 9789833494989 (pbk.) | ||
| 090 | 0 | 0 | |a BP184.3 |b .Z34 2008 |
| 100 | 0 | |a Zaharuddin Abd. Rahman | |
| 245 | 1 | 0 | |a Formula solat sempurna |c Ust. Zaharuddin Abd. Rahman. |
| 260 | |a Kuala Lumpur: |b Telaga Biru Sdn. Bhd., |c 2008. | ||
| 300 | |a x, 174 p.: |b col. ill.; |c 21 cm. | ||
| 650 | 0 | 0 | |a Prayer -- |x Islam |
| 650 | 0 | 0 | |a Salat |
| 650 | 0 | 0 | |a Islam -- |x Prayers and devotions |
| 999 | |a 0000061889 |b BOK |c OPEN SHELF |e 1st Floor, Bestari Jaya | ||


